The missionaries
Salvato in:
| Autore principale: | |
|---|---|
| Natura: | Libro |
| Lingua: | inglese |
| Pubblicazione: |
Londres
Eyren Methuen
1973
|
| Soggetti: | |
| Tags: |
Aggiungi Tag
Nessun Tag, puoi essere il primo ad aggiungerne!!
|
MARC
| LEADER | 00000nam a2200000 a 4500 | ||
|---|---|---|---|
| 001 | UCX7342 | ||
| 003 | CL-VaPUC | ||
| 008 | 931204e19730000UK |||||||||||||||||eng|d | ||
| 082 | 0 | 4 | |a 276 |b MOO |2 21 |
| 100 | |a Moorhouse, Geoffrey |e autor |9 324170 | ||
| 245 | 1 | 4 | |a The missionaries |
| 300 | |a 368 p | ||
| 942 | |c BK | ||
| 945 | |d 19931204 00:00:00 |a aalvarez | ||
| 260 | |a Londres |b Eyren Methuen |c 1973 | ||
| 650 | 0 | |a Misioneros |9 324171 | |
| 651 | 0 | |a África |9 256790 | |
| 583 | |a last modification |c 19931204 00:00:00 |k Rodrigo Vera | ||
| 999 | |c 227181 |d 227179 | ||
| 952 | |0 0 |1 0 |4 0 |6 276_000000000000000_MOO_1973 |7 0 |8 A |9 226028 |a BIBHIS |b BIBHIS |d 2019-11-15 |i 2946599 |o 276 MOO 1973 |p 2946599 |r 2025-01-20 |w 2019-11-15 |y BK |k HIS | ||